|
|
|
|
| LEADER |
01042nam a2200265 a 4500 |
| 001 |
4995763 |
| 003 |
BD-DhAAL |
| 008 |
090705s2000 mau b 001 0 eng d |
| 999 |
|
|
|c 2014
|d 2014
|
| 010 |
|
|
|a \\\99031612
|
| 020 |
|
|
|a 063121027X
|
| 020 |
|
|
|a 0631210288 (pbk.)
|
| 040 |
|
|
|a DLC
|c DLC
|d DLC
|d BD-DhAAL
|
| 082 |
0 |
0 |
|a 801/.95
|2 21
|
| 245 |
0 |
0 |
|a Postmodern literary theory :
|b an anthology /
|c edited by Niall Lucy.
|
| 260 |
|
|
|a Malden, MA :
|b Blackwell Publishers,
|c 2000.
|
| 300 |
|
|
|a xiii, 454 pages ;
|c 24 cm.
|
| 504 |
|
|
|a Includes bibliographical references (p. [441]-445) and index.
|
| 541 |
1 |
|
|e 00014125
|
| 650 |
|
0 |
|a Literature
|x History and criticism
|x Theory, etc.
|9 45477
|
| 650 |
|
0 |
|a Postmodernism (Literature)
|9 45478
|
| 700 |
1 |
|
|a Niall, Lucy.
|9 45479
|
| 852 |
4 |
|
|a Ayesha Abed Library
|j General shelf
|
| 942 |
0 |
0 |
|0 1
|2 ddc
|c BK
|
| 952 |
|
|
|0 0
|1 0
|2 ddc
|4 0
|6 801_950000000000000_POS
|7 0
|9 1851
|a BRACUL
|b BRACUL
|c GEN
|d 2009-07-05
|g 454.00
|l 15
|m 65
|o 801.95 POS
|p 3010014125
|r 2018-11-06
|s 2018-07-29
|t 1
|w 2009-07-05
|y BK
|x Price available in register book.
|